[Event "Arco op 44th"]
[Site "Arco"]
[Date "2022.10.09"]
[Round "2"]
[White "Recchi, Antonio"]
[Black "Mattenberger, Matthias"]
[Result "0-1"]
[WhiteElo "1708"]
[BlackElo "2025"]
[PlyCount "56"]
[EventDate "2022.10.08"]
[EventType "swiss"]
[EventRounds "9"]
[EventCountry "ITA"]
[SourceTitle "CBM 210 Extra"]
[Source "ChessBase"]
[SourceDate "2022.11.30"]
[SourceVersion "1"]
[SourceVersionDate "2022.11.30"]
[SourceQuality "1"]

1. e4 c5 2. Nf3 d6 3. Bb5+ Nd7 4. 0-0 Ngf6 5. Re1 a6 6. Bf1 e6 7. c3 b5 8. a4 Bb7 9. axb5 axb5 10. Rxa8 Qxa8 11. Na3 Bxe4 12. Nxb5 Qb8 13. d4 Bc6 14. c4 Bxb5 15. cxb5 d5 16. dxc5 Bxc5 17. Nd4 0-0 18. Nc6 Qb6 19. Be3 Ra8 20. b4 Bxe3 21. Rxe3 Ra2 22. Qc1 Kf8 23. Na5 Ng4 24. Qc8+ Ke7 25. Nc6+ Kd6 26. Nd8 Nxe3 27. Qc6+ Qxc6 28. bxc6 Nxf1 0-1

[Event "Senigallia Perini Memorial 3rd"]
[Site "Senigallia"]
[Date "2009.08.07"]
[Round "7"]
[White "Bruno, Fabrizio"]
[Black "Recchi, Antonio"]
[Result "0-1"]
[WhiteElo "1989"]
[BlackElo "1881"]
[PlyCount "64"]
[EventDate "2009.08.01"]
[EventType "swiss"]
[EventRounds "9"]
[EventCountry "ITA"]
[SourceTitle "EXT 2010"]
[Source "ChessBase"]
[SourceDate "2010.11.25"]
[SourceVersion "1"]
[SourceVersionDate "2010.11.25"]
[SourceQuality "1"]

1. e4 c5 2. Nc3 Nc6 3. f4 e6 4. Nf3 a6 5. a4 b6 6. g3 Bb7 7. Bg2 d6 8. 0-0 Be7 9. d4 cxd4 10. Nxd4 Nf6 11. Be3 Rc8 12. Qe2 Na5 13. Rad1 Nc4 14. Bc1 0-0 15. Rd3 d5 16. e5 Nd7 17. b3 Na5 18. f5 Bc5 19. Be3 Nxe5 20. Rdd1 Bxd4 21. Bxd4 Nec6 22. Be3 Ne7 23. f6 gxf6 24. Rxf6 Ng6 25. Bg5 Qc7 26. Rd3 Nc6 27. h4 Nce5 28. Re3 d4 29. Rxe5 Bxg2 30. Kxg2 Nxe5 31. Bf4 Qc6+ 32. Kh3 Qh1+ 0-1

[Event "Senigallia Perini Memorial 3rd"]
[Site "Senigallia"]
[Date "2009.08.02"]
[Round "2"]
[White "Recchi, Antonio"]
[Black "Rago, Riccardo"]
[Result "0-1"]
[WhiteElo "1881"]
[BlackElo "2088"]
[PlyCount "88"]
[EventDate "2009.08.01"]
[EventType "swiss"]
[EventRounds "9"]
[EventCountry "ITA"]
[SourceTitle "EXT 2010"]
[Source "ChessBase"]
[SourceDate "2010.11.25"]
[SourceVersion "1"]
[SourceVersionDate "2010.11.25"]
[SourceQuality "1"]

1. e4 c5 2. Nf3 Nc6 3. d4 cxd4 4. Nxd4 Nf6 5. Nc3 e5 6. Ndb5 d6 7. Bg5 a6 8. Bxf6 gxf6 9. Na3 b5 10. Nd5 Bg7 11. c3 0-0 12. Nc2 f5 13. Bd3 fxe4 14. Bxe4 f5 15. Ne7+ Qxe7 16. Bxc6 Rb8 17. Nb4 Kh8 18. Qd2 a5 19. Nd5 Qf7 20. 0-0 Be6 21. Ne3 f4 22. Nc2 d5 23. Rfd1 Rfd8 24. Qe2 f3 25. gxf3 Qg6+ 26. Kh1 Bh3 27. Rg1 Qxc6 28. Rg3 Bf5 29. Rag1 Bf6 30. Ne3 Qe6 31. Ng4 Bxg4 32. fxg4 Bg5 33. Re1 Bf4 34. Rh3 Rg8 35. f3 b4 36. Rh5 bxc3 37. Qd3 Qg6 38. Qxc3 d4 39. Qa3 d3 40. Rf5 d2 41. Rd1 Qh6 42. Rh5 Qc6 43. Qd3 Rg6 44. b3 Rh6 0-1

[Event "Castelfidardo op 6th"]
[Site "Castelfidardo"]
[Date "2002.10.19"]
[Round "2"]
[White "Recchi, Antonio"]
[Black "Rinaudo, Sergio"]
[Result "1-0"]
[WhiteElo "1666"]
[BlackElo "1864"]
[PlyCount "117"]
[EventDate "2002.10.19"]
[EventType "swiss"]
[EventRounds "6"]
[EventCountry "ITA"]
[SourceTitle "EXT 2007"]
[Source "ChessBase"]
[SourceDate "2006.11.23"]
[SourceVersion "1"]
[SourceVersionDate "2006.11.23"]
[SourceQuality "1"]

1. c4 e5 2. Nc3 Nf6 3. d3 Nc6 4. Nf3 d5 5. cxd5 Nxd5 6. g3 Be7 7. Bg2 Be6 8. 0-0 0-0 9. a3 Qd7 10. Bd2 Bd6 11. b4 Rae8 12. Ne4 Bh3 13. Nxd6 cxd6 14. Bxh3 Qxh3 15. Qb3 Nf6 16. Ng5 Qh5 17. f3 d5 18. Kg2 e4 19. dxe4 dxe4 20. Rae1 Nd4 21. Qd1 Nxe2 22. Qxe2 exf3+ 23. Qxf3 Ng4 24. h3 Rd8 25. Bf4 Nf6 26. Qxh5 Nxh5 27. Re7 h6 28. Ne4 Rd3 29. Rf3 Rd4 30. Bd6 f5 31. Bc5 Rd5 32. Rxb7 Re8 33. Nf2 a6 34. g4 fxg4 35. hxg4 Nf6 36. Be7 Nd7 37. Bh4 Re2 38. Kf1 Ra2 39. Rc7 Ne5 40. Rc8+ Kh7 41. Rff8 Rxa3 42. Rc7 Ng6 43. Bf6 Nxf8 44. Rxg7+ Kh8 45. Rd7+ Kg8 46. Rxd5 Kf7 47. Bd4 Rb3 48. Rf5+ Kg8 49. Rf6 Nd7 50. Rd6 Nf8 51. Bc5 Kf7 52. Rxa6 Ne6 53. Ne4 Rb2 54. Ra7+ Kg6 55. Re7 Rb1+ 56. Kf2 Nf4 57. Bd4 h5 58. Rg7+ Kh6 59. g5# 1-0

[Event "Castelfidardo op 4th"]
[Site "Castelfidardo"]
[Date "2000.11.26"]
[Round "2"]
[White "Recchi, Antonio"]
[Black "Fioravanti, Diego"]
[Result "0-1"]
[WhiteElo "1702"]
[BlackElo "1618"]
[PlyCount "82"]
[EventDate "2000.11.25"]
[EventType "swiss"]
[EventRounds "6"]
[EventCountry "ITA"]
[SourceTitle "EXT 2008"]
[Source "ChessBase"]
[SourceDate "2007.11.25"]
[SourceVersion "1"]
[SourceVersionDate "2007.11.25"]
[SourceQuality "1"]

1. c4 e6 2. Nc3 d5 3. d4 Nf6 4. e3 c6 5. Nf3 Bd6 6. c5 Bc7 7. Bd3 Nbd7 8. e4 dxe4 9. Nxe4 Nxe4 10. Bxe4 Nf6 11. Bc2 h6 12. 0-0 Qe7 13. Re1 Bd7 14. Ne5 0-0-0 15. a4 Rhg8 16. b4 Nd5 17. b5 Bxe5 18. dxe5 cxb5 19. Qf3 b4 20. Be4 Bc6 21. a5 a6 22. Bd2 Rgf8 23. Rab1 f5 24. exf6 Rxf6 25. Qe2 Qxc5 26. Rec1 Qxa5 27. Bxd5 Qxd5 28. Rxc6+ bxc6 29. Qxa6+ Kd7 30. Bxb4 Ke8 31. Re1 Kf7 32. Qa7+ Rd7 33. Qb8 c5 34. Bc3 Rg6 35. Qf4+ Kg8 36. g3 Qf5 37. Qb8+ Kh7 38. Re5 Rd1+ 39. Kg2 Qd3 40. Rxc5 Qf1+ 41. Kf3 Rd3+ 0-1